Las NIFþS Aplicacin̤ prc̀tica en la informacin̤ financiera /

Detalles Bibliográficos
Autor principal: Benitez Guadarrama, Juan Pedro
Otros Autores: Ramirez Roja, Ana Luisa
Formato: eBook
Lenguaje:español
Publicado: Ciudad de Mx̌ico: Ediciones Fiscales ISEF, 2018
Materias:
Acceso en línea:Acceso restringido

MARC

LEADER 00000nam a22000007a 4500
005 20181102212424.0
007 cr|||| ||||
008 181102s2018 mx |||||s|||| 00||0 spa d
020 |a 978-607-406-985-3 
035 |a 22343 
040 |a vLex 
090 |c 8271  |d 8271 
100 1 |a Benitez Guadarrama, Juan Pedro 
245 1 3 |a Las NIFþS  |h [Recurso electrn̤ico] :  |b Aplicacin̤ prc̀tica en la informacin̤ financiera /  |c Juan Pedro Benitez Guadarrama, Ana Luisa Ramirez Roja 
256 |a Servicio en ln̕ea 
260 |a Ciudad de Mx̌ico:  |b Ediciones Fiscales ISEF,  |c 2018 
300 |a 1 recurso electrn̤ico 
506 1 |a Disponible solo en los productos indicados  |d vLex Global  |d vLex Global (Academic Edition, excluding Law Schools)  |d vLex Global (U.S. Academic Edition, Law Schools)  |d vLex Global (U.S. Academic Edition, excluding Law Schools)  |d vLex Global (Academic Edition, Law Schools) 
650 0 4 |a Derecho Fiscal  |z Mx̌ico 
650 0 4 |a Financiero  |z Mx̌ico 
700 1 |a Ramirez Roja, Ana Luisa 
740 0 |a vLex Libros (Servicio en ln̕ea) 
856 4 0 |u http://vlex.com/source/22343  |z Acceso restringido 
942 |c BOOK 
999 0 |a Tax Law 
999 0 |a Financial